A Study of Sudhindra Nath Ghose's Novels as Bildungsroman/ (Record no. 172843)

MARC details
000 -LEADER
fixed length control field 00533nam a22001817a 4500
005 - DATE AND TIME OF LATEST TRANSACTION
control field 20200213150530.0
010 ## - LCCN (DPL NO)
LC control number ENG-127736
020 ## - INTERNATIONAL STANDARD BOOK NUMBER
Terms of availability 200.00
International Standard Book Number 9789388927291
035 ## - SYSTEM CONTROL NUMBER
System control number EN-111268
037 ## - SOURCE OF ACQUISITION
Source of stock number/acquisition DBAD/PUB
082 ## - DEWEY DECIMAL CLASSIFICATION NUMBER
Classification number 883.08
100 ## - MAIN ENTRY--PERSONAL NAME
Personal name Chirag R.Adatiya
245 ## - TITLE STATEMENT
Title A Study of Sudhindra Nath Ghose's Novels as Bildungsroman/
Statement of responsibility, etc by Chirag R.Adatiya
260 ## - PUBLICATION, DISTRIBUTION, ETC. (IMPRINT)
Place of publication, distribution, etc Ahmedabad
Date of publication, distribution, etc 2019
Name of publisher, distributor, etc Vedant Publication
270 ## - ADDRESS
Address Rajkot, Ahmedabad, Surat
Postal code 360001
City Ahmedabad
300 ## - PHYSICAL DESCRIPTION
Extent 149p.
Other physical details 21cm(pbk)
942 ## - ADDED ENTRY ELEMENTS (KOHA)
Source of classification or shelving scheme Dewey Decimal Classification
Item type English Books
Classification part CHI
Holdings
Withdrawn status Lost status Not for loan Collection code Home library Current library Date acquired Source of acquisition Cost, normal purchase price Full call number Barcode Copy number Cost, replacement price Koha item type
      Non-fiction Central Library Central Library 13/02/2020 DBAD/PUB 200.00 CHI EN-111268 1 200.00 English Books

© Delhi Public Library
Hit Counter
free hit counter